Tính toán thiết kế các công trình xử lý nước thải

Đã lưu trong:
Chi tiết về thư mục
Tác giả chính: Trịnh Xuân Lai
Định dạng: Sách
Ngôn ngữ:Vietnamese
Được phát hành: Xây dựng 2000
Các nhãn: Thêm thẻ
Không có thẻ, Là người đầu tiên thẻ bản ghi này!
Thư viện lưu trữ: Mạng thư viện Đại học Đà Nẵng
LEADER 00653nam a2200253 4500
001 000022768
003 19217
005 20150515080546.0
008 150515s2000 viesd
020 |c 37000 
041 0 |a vie 
082 1 4 |a 628,3  |b TR-L 
100 1 |a Trịnh Xuân Lai 
245 1 0 |a Tính toán thiết kế các công trình xử lý nước thải  |c Trịnh Xuân Lai 
260 |b Xây dựng  |c 2000 
300 |a tr.  |c cm. 
OWN |a LSP 
999 |a From the UDN01 
TYP |a Monograph 
TYP |a Printed language 
980 |a Mạng thư viện Đại học Đà Nẵng